000 00648nam a22002057a 4500
999 _c172334
_d172334
005 20200203111020.0
010 _aB-731185
020 _a9789332508019
_c199.00
035 _aB-731185
037 _bDBAD/Pub
082 _a650.144
100 _aThorp, Edger
245 _aWinning at Interviews/
_cby Edger Thorp [and] Showick Thorp
260 _aNew Delhi
_bPearson
_c2013
270 _a11, Community Centre, Panhchsheel Park
_bNew Delhi
_e110017
300 _axi, 276p.
_c20cm (pbk)
700 _aThorp, Showick
942 _2ddc
_cEN
_mTHO
_h650.144